Variables técnicas-económicas para identificar las causas de los costos no calidad en la producción de latas de aluminio de cerveza para la Empresa Enalbo de la ciudad de Oruro / (Registro nro. 16182)

Detalles MARC
000 -LEADER
campo de control de longitud fija 01734nam a22003014aa4500
003 - IDENTIFICADOR DE NÚMERO DE CONTROL
campo de control BOFEUTO
005 - FECHA Y HORA DE LA ÚLTIMA TRANSACCIÓN
campo de control 20260626110349.0
008 - DATOS DE LONGITUD FIJA--INFORMACIÓN GENERAL
campo de control de longitud fija 260611t2025 bo gr 000 f spa d
040 ## - FUENTE DE CATALOGACIÓN
Enlace BOFEUTO
Centro catalogador/agencia de origen BOFEUTO
Centro/agencia transcriptor BOFEUTO
041 ## - CÓDIGO DE IDIOMA
Código de lengua del texto/banda sonora o título independiente spa
044 ## - CÓDIGO DEL PAÍS DE LA ENTIDAD EDITORA/PRODUCTORA
Código MARC del país bo
082 ## - NÚMERO DE LA CLASIFICACIÓN DECIMAL DEWEY
Número de clasificación TE6324
Número de ítem Ar658v
100 ## - ENTRADA PRINCIPAL--NOMBRE DE PERSONA
Nombre de persona Aranivar Nina, Marcos
Término indicativo de función/relación autor
245 ## - MENCIÓN DEL TÍTULO
Título Variables técnicas-económicas para identificar las causas de los costos no calidad en la producción de latas de aluminio de cerveza para la Empresa Enalbo de la ciudad de Oruro /
Mención de responsabilidad, etc. Marcos Aranivar Nina, José Luis Tangara Colque
260 ## - PUBLICACIÓN, DISTRIBUCIÓN, ETC.
Lugar de publicación, distribución, etc. Oruro :
Nombre del editor, distribuidor, etc. s/n,
Fecha de publicación, distribución, etc. 2025.
300 ## - DESCRIPCIÓN FÍSICA
Extensión 109 hojas ;
Otras características físicas tab, gráf. ;
Dimensiones 28.5 cm.
500 ## - NOTA GENERAL
Nota general Incluye bibliografía, anexos.
502 ## - NOTA DE TESIS
Nota de tesis Tesis Dirigida, (Licenciatura) -- Universidad Técnica de Oruro, Facultad de Ciencias Económicas, Financieras y Administrativas, Carrera Ingeniería Comercial, 2025.
520 ## - RESUMEN, ETC.
Sumario, etc. El presente trabajo de investigación se justifica por las características económicas, porque se analizará los factores que están generando interrupciones, tiempos de inactividad, desperdicios y retrasos en el proceso operativo de producción de latas, y se propone un plan de mejora continua, porque un plan de mejora continua permitirá implementar mejores prácticas y tecnologías para aumentar la eficiencia y la producción reduciendo pérdida y costos. El problemas que dio lugar ala presente investigación es : realizar un plan de mejora continua que permita mejorar el proceso de producción.
650 ## - PUNTO DE ACCESO ADICIONAL DE MATERIA--TÉRMINO DE MATERIA
Término de materia o nombre geográfico como elemento de entrada Costos
653 ## - TÉRMINO DE INDIZACIÓN--NO CONTROLADO
Término no controlado Proceso
653 ## - TÉRMINO DE INDIZACIÓN--NO CONTROLADO
Término no controlado Mejora Continua
653 ## - TÉRMINO DE INDIZACIÓN--NO CONTROLADO
Término no controlado Costa
653 ## - TÉRMINO DE INDIZACIÓN--NO CONTROLADO
Término no controlado Calidad
653 ## - TÉRMINO DE INDIZACIÓN--NO CONTROLADO
Término no controlado Seis Sigma
700 ## - ENTRADA AGREGADA--NOMBRE PERSONAL
Nombre de persona Tangara Colque, José Luis
Término indicativo de función/relación tutor
942 ## - ELEMENTOS DE ENTRADA SECUNDARIOS (KOHA)
Fuente del sistema de clasificación o colocación Clasificación Decimal Dewey
Tipo de ítem Koha Tesis
Suprimir en OPAC No
Existencias
Estatus retirado Estado de pérdida Fuente del sistema de clasificación o colocación Estado de daño No para préstamo Biblioteca de origen Biblioteca actual Ubicación en estantería Fecha de adquisición Número de inventario Total de préstamos Signatura topográfica completa Código de barras Visto por última vez Copia número Precio de reemplazo Tipo de ítem Koha
No dañado Disponible Clasificación Decimal Dewey No Dañado Disponible Biblioteca Central Biblioteca Central Tesis 11/06/2026 6324   TE6324/Ar658v TE6324 26/06/2026 Ej.1 26/06/2026 Tesis

Biblioteca Central
Dirección: Calle Cochabamba entre 6 de Octubre y Potosí s/n
Teléfono: (591-2)5281707 - 2-52-38450
Contacto: biblioteca.central@gmail.com